000 nam a22 a 4500
999 _c273
_d273
003 AKMAL
005 20170428104550.0
008 170428s2014 my e l 000 0 may d
040 _aAKMAL
082 0 4 _a343.595055 MAL
_223
090 0 0 _a343.595055
_bMAL
110 1 _aMalaysia,
_ejurisdiction governed.
_9400
245 1 0 _aAKTA CUKAI BARANG DAN PERKHIDMATAN 2014 (AKTA 762), UNDANG-UNDANG MALAYSIA
_b(HINGGA 19HB JUN 2014) /
_cDisusun oleh: Lembaga Penyelidikan Undang-Undang
264 1 _aPetaling Jaya, Selangor :
_bPercetakan Nasional Malaysia Berhad
_c2014
300 _a416 pages ;
_c24 cm
650 1 0 _aValue-added tax
_xLaw and legislation
_zMalaysia
_9612
650 2 0 _aTaxation
_zMalaysia
_9179
710 2 _aLembaga Penyelidikan Undang-Undang,
_eeditor.
_9613
942 _2ddc
_cBOOK
950 _lAKMAL